| 000 | 00357nam a22001457a 4500 | ||
|---|---|---|---|
| 020 | _qPB. | ||
| 040 | _cFIZZA ISHAQ | ||
| 082 |
_a624.0212 _bROB |
||
| 100 |
_aPARMLEY, ROBERT. _990171 |
||
| 245 |
_aFIELD ENGINEERING MANUAL / _cROBERT PARMLEY. |
||
| 250 | _a3rd ED. | ||
| 260 |
_aNEW YORK ; _bMC GRAW HILL, _c2002. |
||
| 300 | _a720 P. ; | ||
| 942 |
_2ddc _cBK |
||
| 999 |
_c588534 _d588534 |
||